000
00345nam a2200145 a 4500
005
20140414131903.0
008
100922s19uu xx 00 eng d
050
_a
FIC
_b
K84 2002
100
_a
Korman, Gordon
245
_a
Everest.
260
_a
New York :
_b
Scholastic ,
_c
2002.
440
_a
The Summit
999
_c
110784
_d
110784